El libro de las Crónicas
Uloženo v:
| Hlavní autor: | |
|---|---|
| Médium: | Kniha |
| Jazyk: | španělština |
| Vydáno: |
Verbo Divino.
1995.
|
| Témata: | |
| Tagy: |
Přidat tag
Žádné tagy, Buďte první, kdo vytvoří štítek k tomuto záznamu!
|
MARC
| LEADER | 00000nam a22000005a 4500 | ||
|---|---|---|---|
| 001 | 10936 | ||
| 003 | CL-ChBUA | ||
| 005 | 20120815103309.0 | ||
| 008 | 070301s1995 sp 000 0 spa | ||
| 040 | |a CL-ChBUA |c CL-ChBUA | ||
| 082 | 0 | 0 | |a 222.63 |
| 090 | |c 10936 |d 10936 | ||
| 100 | 1 | |a Abadie, Philippe. | |
| 245 | 1 | 0 | |a El libro de las Crónicas |
| 260 | |b Verbo Divino. |c 1995. | ||
| 300 | |a 63 p. |c 19 cm. | ||
| 650 | 4 | |a CRONICAS A.T. - COMENTARIO. | |
| 942 | |c LIB | ||
| 952 | |0 0 |1 0 |4 0 |7 0 |9 15855 |a UNACH |b UNACH |c 200 |d 2007-03-05 |i 33.063. |l 5 |o 222.63 / Ab 116. |p 16854 |r 2023-11-08 00:00:00 |s 2016-11-11 |u 15855 |w 2012-08-08 |y LIB |k 222.63 / Ab 116. | ||
| 999 | |c 10936 |d 10936 | ||